Stochastic models
Saved in:
| Other Authors: | , |
|---|---|
| Format: | Book |
| Language: | English |
| Published: |
Amsterdam ; New York : New York, NY, U.S.A. :
North-Holland ; Sole distributor for the U.S.A. and Canada, Elsevier Science Pub. Co.,
1990.
|
| Series: | Handbooks in operations research and management science ;
2 |
| Subjects: | |
| Tags: |
Add Tag
No Tags, Be the first to tag this record!
|
MARC
| LEADER | 00000cam a2200000 i 4500 | ||
|---|---|---|---|
| 001 | 1/49422 | ||
| 008 | 950824s1990 ne ||| | eng|| | ||
| 020 | |a 0444874739 | ||
| 035 | |a 1995 |c ΠΑΠΑΔΟΠΟΥΛΟΣ |l 10043603 | ||
| 040 | |a GR-MyUA |b gre |e AACR2 | ||
| 041 | 0 | |a eng | |
| 082 | 0 | |a 519.2 | |
| 245 | 1 | 0 | |a Stochastic models / |c edited by D.P. Heyman & M.J. Sobel. |
| 260 | |a Amsterdam ; |a New York : |b North-Holland ; |a New York, NY, U.S.A. : |b Sole distributor for the U.S.A. and Canada, Elsevier Science Pub. Co., |c 1990. | ||
| 300 | |a xv, 723 σ. : |b εικ. ; |c 25 εκ. | ||
| 490 | 1 | |a (Handbooks in operations research and management science |v ; 2) | |
| 504 | |a Περιέχει βιβλιογραφικές παραπομπές και ευρετήριο. | ||
| 650 | 0 | 0 | |a Stochastic processes. |
| 700 | 1 | |a Heyman, Daniel P. |e edt | |
| 700 | 1 | |a Sobel, Matthew J. |e edt | |
| 830 | 0 | |a Handbooks in operations research and management science ; |v 2 | |
| 852 | |a INST |b SAMOS |e 19950824 |h 519.2 STO |p 005300005064 |q 005300005064 |t BK |y 0 | ||
| 909 | |a Σ |b 040975 | ||